Luigi Mengoni o la coscienza del metodo

Gardado en:
Detalles Bibliográficos
Main Authors: Nogler, Luca (autore), Nicolussi, Andrea (Author)
Formato: Libro
Idioma:Lingua italiana
Publicado: Milán CEDAM 2007
Series:Dipartimento di Scienze Guiridiche. Università di Trento, 68
Subjects:
Tags: Engadir etiqueta
Sen Etiquetas, Sexa o primeiro en etiquetar este rexistro!

MARC

LEADER 00000cam a2200000 a 4500
001 UCF2413
003 CL-VaPUC
005 20220829165917.0
008 120817e20070000IT |||||||||||||||||ita|d
999 |c 348978  |d 348976 
020 |a 9788813283681 
040 |c Pontificia Universidad Católica de Valparaíso 
082 0 4 |a 340  |b NOG  |2 21 
100 1 |a Nogler, Luca  |e autore  |9 876046 
245 1 0 |a Luigi Mengoni o la coscienza del metodo 
260 |a Milán  |b CEDAM  |c 2007 
300 |a 310 P 
490 0 |a Dipartimento di Scienze Guiridiche. Università di Trento, 68 
583 |a last modification  |c 20170803 01:03:49  |k Rodrigo Vera 
650 0 |a Filosofía del derecho   |9 255050 
650 0 |a Derecho privado  |9 258243 
650 7 |a DERECHO LABORAL  |2 CL-VaPUC  |9 15 
700 0 |a Nicolussi, Andrea  |e author  |9 564047 
942 |c BK  |2 ddc 
945 |d 20120817 00:00:00  |a dcastane 
952 |0 0  |1 0  |4 0  |6 340_000000000000000_NOG_2007  |7 0  |8 A  |9 451338  |a BIBDER  |b BIBDER  |d 2019-11-22  |i 4891457  |o 340 NOG 2007  |p 4891457  |r 2023-01-25  |w 2019-11-22  |y BK  |k DER